• 首页
  • 本馆介绍
  • 公告通知
  • 最新文献
  • 馆藏检索
  • 电子资源
  • 读者导购
  • 参考咨询
  • 我的图书馆
  • 登录
  • 详细信息显示
  • 放入我的书架
  • 预约/预借图书
  • 作者相关作品
  • 分类相关作品
  • 丛书相关作品
  • 出版社相关作品

书目信息

  • 表格格式
  • 工作单格式
  • 卡片格式
题名:
辩证唯物主义原理
    
 
作者: 肖前 主编
分册:  
出版信息: 北京   人民出版社  1981
页数: 451页
开本: 21cm
丛书名:
单 册:
中图分类: B02
科图分类:
主题词: 辩证唯物主义
电子资源:
ISBN:
000 00617nam0 2200229 45
001 0181004588
005 20060815154328.92
010    @dCNY1.45
091    @a2001.204
100    @a19950213d1981 em y0chiy0121 ea
101 0  @achi
102    @aCN@b110000
105    @ay z 000yy
200 10 @a辩证唯物主义原理@Abian zheng wei wu zhu yi yuan li@f肖前等主编@FXiao Qian Deng Zhu Bian
210    @a北京@c人民出版社@d1981
215    @a451页@d21cm
606    @a辩证唯物主义
690    @aB02@v3
701  0 @a肖前@4主编
801  2 @aCN@bNLC@c20060815
801  0 @aCN@b上海图书馆@c20060727
905    @dB02@e17@f1@b45276
    
    辩证唯物主义原理/肖前等主编.-北京:人民出版社,1981
    451页;21cm
    
    
    ISBN :CNY1.45
    
●
相关链接 在E读中查询图书 在五车中查询图书 在当当中查询图书 在豆瓣中查询图书


正题名:辩证唯物主义原理     索取号:B02/17         预约/预借

序号 登录号 条形码 馆藏地/架位号 状态 备注
1 0045276   001114635   密集书库/ [索取号:B02/17] 在馆    
2 0045277   202264691   密集书库/ [索取号:B02/17] 在馆    
3 0045279   001114626   第一借阅区/ [索取号:B02/17] 在馆    
4 0045280   001114617   密集书库/ [索取号:B02/17] 在馆    
5 0100677   202231487   密集书库/ [索取号:B02/17] 在馆    
6 0100678   001115714   第一样本阅览室/ [索取号:B02/17] 在馆    
7 0440031   204400317   密集书库/ [索取号:B02/17] 在馆    
8 0460327   204603278   密集书库/ [索取号:B02/17] 在馆    
9 0460328   204603287   密集书库/ [索取号:B02/17] 在馆    
唐山师范学院图书馆 欢迎您!
大连网信软件有限公司© 版权所有